Personnage Inazuma Eleven - Statistics

General Stats
  • This quiz has been taken 184 times
  • The average score is 39 of 80
Answer Stats
# Personnage % Correct
1 Mark Evans
100%
17 Axel Blaze
96%
66 Mark Krueger
96%
22 Jude Sharp
94%
3 Jack Wallside
92%
2 Nathan Swift
92%
18 Kevin Dragonfly
87%
15 Shawn Froste
85%
23 Erik Eagle
83%
53 Xavier Foster
82%
6 Tod Ironside
78%
75 David Evans
76%
21 Bobby Shearer
75%
36 David Samford
75%
19 Byron Love
74%
38 Joseph King
74%
50 Janus
71%
4 Jim Wraith
70%
26 Nelly Raimon
66%
12 Sam Kincaid
66%
8 Steve Grim
66%
37 Caleb Stonewall
65%
69 Paolo Bianchi
65%
51 Dvalin
64%
9 Scott Banyan
64%
27 Celia Hills
63%
25 Silvia Woods
63%
10 Timmy Saunders
63%
7 Darren LaChance
62%
76 Hector Hélio
61%
20 Austin Hobbes
59%
28 Seymour Hillman
59%
35 Ray Dark
58%
60 Thor Stoutberg
58%
56 Bryce Whitingale
56%
5 Hurley Kane
56%
73 Mac Robingo
56%
16 William Glass
53%
59 Archer Hawkins
52%
58 Camélia Travis
52%
64 Edgar Partinus
50%
65 Thiago Torres
50%
54 Bellatrix
47%
55 Claude Beacons
47%
29 Lina Schiller
47%
57 Percival Travis
47%
24 Shadow Cimmerian
44%
44 Marvin Murdock
43%
43 Thomas Murdock
41%
14 Maxwell Carson
40%
13 Victoria Vanguard
39%
45 Tyler Murdock
38%
70 Hide Nakata
34%
41 Thomas Feldt
34%
78 Aiden Froste
33%
67 Dylan Keats
33%
77 Julia Blaze
32%
11 Suzette Hartland
29%
33 Sonny Raimon
28%
48 Astram Schiller
27%
71 Destra
27%
63 Changsu Choi
26%
46 Malcolm Night
25%
72 Sael
25%
42 Neil Turner
21%
74 Zoolan Rice
21%
68 Demonio Strada
19%
40 Johan Tassman
17%
39 Daniel Hatch
15%
31 Mr. Veteran
15%
34 Gregory Smith
13%
30 Chester Horse Jr.
12%
52 Zell
12%
32 Frank Wintersea
11%
62 Bilal Kalil
10%
80 Chester Horse
9%
79 Stewart Vanguard
9%
61 Dolph Hensen
8%
47 Sail Bluesea
8%
49 Godric Wyles
4%
No matching quizzes found
Score Distribution
Percent of People with Each Score
Percentile by Number Answered
Your Score History
You have not taken this quiz